[Event "Madrid-ch sf-A"]
[Site "Madrid"]
[Date "2016.03.14"]
[Round "4"]
[White "Martin Martin, Luis Vicente"]
[Black "Camacho Casado, Demetrio"]
[Result "1-0"]
[WhiteElo "2024"]
[BlackElo "1899"]
[PlyCount "101"]
[EventDate "2016.03.07"]
[EventType "swiss"]
[EventRounds "9"]
[EventCountry "ESP"]
[SourceTitle "EXT 2017"]
[Source "ChessBase"]
[SourceDate "2016.10.25"]
[SourceVersion "1"]
[SourceVersionDate "2016.10.25"]
[SourceQuality "1"]

1. d4 d5 2. Bf4 Nf6 3. e3 c5 4. c3 Nc6 5. Nd2 Bf5 6. Qb3 Qb6 7. dxc5 Qxb3 8. axb3 e5 9. Bg3 Bxc5 10. Ngf3 e4 11. Nd4 Nxd4 12. exd4 Bb6 13. Bb5+ Bd7 14. Bxd7+ Kxd7 15. 0-0 Nh5 16. Rfe1 Nxg3 17. hxg3 f5 18. Nf1 Raf8 19. Rad1 h5 20. Ne3 Ke6 21. c4 dxc4 22. bxc4 g5 23. Nd5 Kd6 24. f3 exf3 25. gxf3 Re8 26. Nxb6 axb6 27. Kf2 b5 28. b3 bxc4 29. bxc4 b5 30. Rxe8 Rxe8 31. cxb5 Kd5 32. Rh1 Kxd4 33. Rxh5 Rg8 34. b6 Ke5 35. b7 Rb8 36. Rh7 Ke6 37. Rh6+ Ke5 38. Rb6 g4 39. Ke3 gxf3 40. Kxf3 Kd5 41. Kf4 Kc5 42. Rb1 Kc6 43. Kxf5 Kc7 44. g4 Rf8+ 45. Ke6 Kb8 46. g5 Rf2 47. g6 Rg2 48. Kf7 Rf2+ 49. Kg8 Rg2 50. g7 Rf2 51. Rb6 1-0

[Event "Madrid-ch sf"]
[Site "Madrid"]
[Date "2016.02.22"]
[Round "7"]
[White "Camacho Casado, Demetrio"]
[Black "Ortega Morales, Pedro"]
[Result "1-0"]
[WhiteElo "1909"]
[BlackElo "1751"]
[PlyCount "123"]
[EventDate "2016.02.08"]
[EventType "swiss"]
[EventRounds "9"]
[EventCountry "ESP"]
[SourceTitle "CBM 171 Extra"]
[Source "ChessBase"]
[SourceDate "2016.04.26"]
[SourceVersion "1"]
[SourceVersionDate "2016.04.26"]
[SourceQuality "1"]

1. e4 e5 2. Nf3 Nc6 3. Nc3 Bb4 4. Bc4 Nf6 5. d3 0-0 6. a3 Bxc3+ 7. bxc3 h6 8. h3 d5 9. exd5 Nxd5 10. Bd2 Nb6 11. Ba2 Re8 12. 0-0 Be6 13. Bxe6 Rxe6 14. Re1 Qe7 15. Re3 Rd8 16. Qe2 Nd5 17. Re4 f5 18. Rh4 e4 19. Re1 Re8 20. c4 Nb6 21. d4 Rg6 22. c5 exf3 23. Qxe7 Rxe7 24. cxb6 Rxe1+ 25. Bxe1 axb6 26. d5 Ne5 27. Bc3 Rxg2+ 28. Kf1 Nd7 29. Rf4 Rg6 30. Rxf3 Rg5 31. Rd3 f4 32. Ke2 Nc5 33. Rd4 Rf5 34. Kf3 Nd7 35. d6 c5 36. Re4 Kf8 37. Re6 b5 38. Ke4 Rf7 39. Kd5 Rf5+ 40. Ke4 Rf7 41. f3 Nb6 42. Bd2 Nc4 43. Bc1 Rd7 44. Kd5 Kf7 45. Re7+ Rxe7 46. dxe7 b6 47. Kc6 Kxe7 48. Kxb5 Ne5 49. Bxf4 Nxf3 50. Kxb6 Ne1 51. c4 g5 52. Be3 Nd3 53. a4 Nb2 54. Bxc5+ Kd7 55. Kb5 h5 56. a5 Kc7 57. Be3 g4 58. hxg4 hxg4 59. Bf4+ Kb7 60. c5 Nd3 61. c6+ Kc8 62. Bg3 1-0

[Event "Madrid-ch sf-A"]
[Site "Madrid"]
[Date "2012.04.12"]
[Round "3"]
[White "Camacho Casado, Demetrio"]
[Black "Ramirez Garcia, Jorge Alberto"]
[Result "1/2-1/2"]
[WhiteElo "1989"]
[BlackElo "2222"]
[PlyCount "55"]
[EventDate "2012.04.10"]
[EventType "swiss"]
[EventRounds "9"]
[EventCountry "ESP"]
[SourceTitle "CBM 148 Extra"]
[Source "ChessBase"]
[SourceDate "2012.06.22"]
[SourceVersion "1"]
[SourceVersionDate "2012.06.22"]
[SourceQuality "1"]

1. Nf3 d5 2. g3 c5 3. Bg2 Nc6 4. d4 e6 5. 0-0 b6 6. c4 Nf6 7. a3 Bb7 8. dxc5 Bxc5 9. b4 Be7 10. Qc2 0-0 11. Rd1 Qc8 12. Bb2 Rd8 13. Nbd2 Nb8 14. Rac1 Nbd7 15. Qb1 Qb8 16. Qa1 a5 17. b5 Bc5 18. Ne5 Bxf2+ 19. Kh1 Nc5 20. Nc6 Bxc6 21. Bxf6 Bb7 22. Bxd8 Qxd8 23. Qe5 Nd7 24. Qf4 Bc5 25. cxd5 Bxd5 26. Bxd5 exd5 27. a4 Qe7 28. e4 1/2-1/2

[Event "Moratalaz op 22nd"]
[Site "Madrid"]
[Date "2009.09.17"]
[Round "2"]
[White "Fernandez Cardoso, Alexey"]
[Black "Camacho Casado, Demetrio"]
[Result "1-0"]
[WhiteElo "2413"]
[BlackElo "1982"]
[PlyCount "43"]
[EventDate "2009.09.16"]
[EventType "swiss"]
[EventRounds "9"]
[EventCountry "ESP"]
[SourceTitle "CBM 132 Extra"]
[Source "ChessBase"]
[SourceDate "2009.11.03"]
[SourceVersion "1"]
[SourceVersionDate "2009.11.03"]
[SourceQuality "1"]

1. e4 e5 2. Nf3 Nc6 3. Bb5 g6 4. 0-0 Bg7 5. c3 d6 6. d4 Bd7 7. Qb3 Na5 8. Qa4 c6 9. Be2 b5 10. Qa3 Qc7 11. dxe5 dxe5 12. Rd1 Nb7 13. c4 Bf8 14. Qc3 f6 15. cxb5 Rc8 16. Na3 Nc5 17. Be3 Nxe4 18. Qc2 Nd6 19. Rac1 Nf5 20. bxc6 Bxc6 21. Qb3 Bxa3 22. Rxc6 1-0

[Event "Madrid-ch sf"]
[Site "Madrid"]
[Date "2006.01.25"]
[Round "9"]
[White "Blanco Sanjuan, Jorge"]
[Black "Camacho Casado, Demetrio"]
[Result "1-0"]
[WhiteElo "2137"]
[BlackElo "2032"]
[PlyCount "59"]
[EventDate "2006.01.09"]
[EventType "swiss"]
[EventRounds "9"]
[EventCountry "ESP"]
[SourceTitle "CBM 110 Extra"]
[Source "ChessBase"]
[SourceDate "2006.03.10"]
[SourceVersion "2"]
[SourceVersionDate "2006.03.10"]
[SourceQuality "1"]

1. e4 e5 2. Nf3 f5 3. d4 fxe4 4. Nxe5 Nf6 5. Nc3 d6 6. Nc4 c6 7. Bg5 b5 8. Ne3 d5 9. Bxf6 Qxf6 10. Ncxd5 cxd5 11. Qh5+ Qf7 12. Bxb5+ Bd7 13. Qxd5 Qxd5 14. Nxd5 Bxb5 15. Nc7+ Kd8 16. Nxb5 Nc6 17. 0-0-0 g6 18. Rhe1 a6 19. Nc3 Na5 20. Nxe4 Nc4 21. c3 Rb8 22. b3 Bh6+ 23. Kc2 Nb6 24. g3 Nd5 25. Nc5 a5 26. Re5 Nf6 27. Rde1 Ng4 28. Rd5+ Kc8 29. Re6 Ra8 30. Rd7 1-0

[Event "Madrid-ch sf"]
[Site "Madrid"]
[Date "2006.01.11"]
[Round "3"]
[White "Martin Consuegra, Barrilero Javier"]
[Black "Camacho Casado, Demetrio"]
[Result "1/2-1/2"]
[WhiteElo "1973"]
[BlackElo "2032"]
[PlyCount "41"]
[EventDate "2006.01.09"]
[EventType "swiss"]
[EventRounds "9"]
[EventCountry "ESP"]
[SourceTitle "CBM 110 Extra"]
[Source "ChessBase"]
[SourceDate "2006.03.10"]
[SourceVersion "2"]
[SourceVersionDate "2006.03.10"]
[SourceQuality "1"]

1. d4 d5 2. Bg5 Qd6 3. c3 Bf5 4. Nf3 Qg6 5. e3 Nd7 6. Bf4 Qb6 7. b3 e6 8. Bd3 Bxd3 9. Qxd3 Ngf6 10. h3 Ne4 11. 0-0 f6 12. Nbd2 g5 13. Bh2 Nxd2 14. Qxd2 h5 15. Ne1 Bd6 16. c4 Bxh2+ 17. Kxh2 Qd6+ 18. Kh1 h4 19. c5 Qe7 20. Qc2 c6 21. Qg6+ 1/2-1/2

[Event "Andalucia-ch"]
[Site "Rincon de la Victoria"]
[Date "1995.??.??"]
[Round "4"]
[White "Rubio Doblas, Ricardo"]
[Black "Camacho Casado, Demetrio"]
[Result "0-1"]
[WhiteElo "2085"]
[BlackElo "2045"]
[PlyCount "128"]
[EventDate "1995.??.??"]
[EventType "swiss"]
[EventRounds "7"]
[EventCountry "ESP"]
[SourceTitle "EXT 2000"]
[Source "ChessBase"]
[SourceDate "1999.11.16"]
[SourceVersion "1"]
[SourceVersionDate "1999.11.16"]
[SourceQuality "1"]

1. e4 e5 2. Nf3 Nc6 3. Bc4 Nf6 4. Ng5 Bc5 5. Bxf7+ Kf8 6. Bd5 Nxd5 7. exd5 Qxg5 8. 0-0 Nd4 9. c3 d6 10. cxd4 Bxd4 11. Kh1 Bg4 12. f3 Bf5 13. d3 Qg6 14. Nc3 Bxd3 15. Ne2 Bb6 16. f4 e4 17. f5 Qg4 18. Nf4 Qxd1 19. Rxd1 Re8 20. Bd2 Kf7 21. Bc3 Bc2 22. Re1 Rhf8 23. Ne6 Rxe6 24. fxe6+ Kg8 25. a4 c6 26. a5 Bc7 27. dxc6 bxc6 28. Rac1 Bd3 29. Re3 Re8 30. Rd1 d5 31. b4 Bc2 32. Rf1 Rxe6 33. Bd4 a6 34. Bc5 Rf6 35. Rc1 Bd3 36. Rd1 Be5 37. g3 Rf1+ 38. Rxf1 Bxf1 39. Kg1 Bd3 40. Re1 Bc3 41. Rc1 Bd2 42. Ra1 e3 43. Ra3 e2 44. Bf2 Bc4 45. Ra1 Bxb4 46. Be1 Bc5+ 47. Kg2 Be3 48. Kf3 Bh6 49. Rb1 Bb5 50. Rb2 d4 51. Ke4 d3 52. Ke5 Bc1 53. Ra2 Bc4 54. Rd2 c5 55. Ke4 Ba3 56. Rxd3 Bxd3+ 57. Kxd3 Kf7 58. Kxe2 Ke6 59. Kd3 Kd5 60. Bc3 g6 61. Bf6 Bb4 62. Bd8 c4+ 63. Ke3 Kc5 64. Kf4 c3 0-1